=LDR 00000nam 2200000 4500 =001 INLIS000000000006424 =005 20130612094549 =008 ***********************************Ind** =035 ##$$0010-061300000006424 =041 ##$$a Ind =082 ##$$a 959.8 =090 ##$$a 959.8, Soe d =100 ##$$a SOE HOK GIE =245 ##$$a Di bawah lentera merah, Riwayat Sarekat Islam Semarang 1917 - 1920, Soe Hok Gie. -- =260 ##$$a 1999 $b Yogyakarta =300 ##$$a x, 108 hlm, 21 cm =650 ##$$a Semarang - Riwayat Islam =850 ##$$a NBPNMAT